Statistics for General Knowledge 1

Click here to take the quiz!

General Stats

  • This quiz has been taken 60 times
    (54 since last reset)
  • The average score is 7 of 15

Answer Stats

HintAnswer% Correct
Who was the first popular superhero to be created?Superman
88%
What is the highest grossing film of all time?Avatar
79%
What is the second tallest mountain in the world?K2
75%
In water polo how many players are in the water per team?7
71%
What is the capital of Vietnam?Hanoi
71%
In dates what does the acronym A.D. stand for?Anno domini
69%
What decade was the first car created in?1880s
52%
What is the smallest instrument in a traditional orchestra?Piccolo
50%
Which artist painted the most expensive painting to date "Salvator Mundi"?Leonardo da Vinci
38%
What drinks current slogan is "Maximum taste. Zero calories."Pepsi Max
38%
What year did he first appear in comics?1938
33%
Which is the only sport to be split into thirds?Ice hockey
29%
What city is the host city for the 2024 summer olympic games?Paris
27%
What countries flags background is made up of the same colours as germanys flag, and has a crane in the middle of it?Uganda
25%
What current watch maufacturer is credited with creating the first ever wristwatch?Patek philippe
2%

Score Distribution

Percentile by Number Answered

Percent of People with Each Score

Your Score History

You have not taken this quiz since the last reset